Les 10 villes du Maroc les plus peuplés - Statistiques

Statistiques générales
  • Ce quiz a été pris 334 fois
  • Le résultat moyen est 7 sur 10
Statistiques - réponses
Population Ville % Correct
4M Casablanca
97%
2M Rabat
97%
1,33M Marrakech
93%
1,31M Fès
88%
1,37M Tanger
86%
1M Agadir
79%
587K Meknès
60%
606K Oujda
56%
453K Tétouan
51%
517K Kénitra
41%
Aucun quiz correspondant
Distribution des résultats
% des personnes avec chaque résultat
Percentile par nombre de réponses
Votre historique - résultats
Vous n’avez pas pris ce quiz